000 00683nam a22001697a 4500
003 OSt
005 20171010095528.0
008 121004t xxu||||| |||| 00| 0 eng d
040 _aMMSU
_cULS
100 _aMalasig, Mary Jane A.
_913120
245 _aPreliminary assessment of some anthropogenic activities on the coral reef ecosystem in sitio Lingsat, Gabut Norte, Badoc, Ilocos Norte
_cMary Jane A. Malasig
260 _c2008
300 _axv, 49 leaves
_c28 cm.
500 _aThesis (BS Environmental Science) -- Mariano Marcos State University-College of Agriculture, Food and Sustainable Development, Batac City
504 _aBibliography: leaves 32-33
942 _2ddc
_cTHEDIS
999 _c9804
_d9804